| 000 | 00657nam a2200229 a 4500 | ||
|---|---|---|---|
| 001 | 45139 | ||
| 003 | BD-RjUL | ||
| 005 | 20211209053953.0 | ||
| 008 | 160722s1961 nyua b 001 0 eng | ||
| 035 | _a(BD-RjUL)45257 | ||
| 040 |
_aDLC _cWSU _dSER _dBD-RjUL _dMYG _beng |
||
| 041 | _aeng | ||
| 082 |
_223 _a338.54 _bGOB 1961 |
||
| 100 | 1 |
_aGordon, Robert Aaron. _9138288 |
|
| 245 | 1 | 0 |
_aBusiness fluctuations / _cRobert Aaron Gordon |
| 250 | _a2d ed. | ||
| 260 |
_aNew York : _bHarper & Brothers, _cc1961 |
||
| 300 |
_axvi, 687 p. : _bill. ; _c22 cm. |
||
| 650 | 0 |
_aBusiness cycles. _9138289 |
|
| 650 | 0 |
_aBusiness forecasting. _9134616 |
|
| 942 |
_2ddc _cBK |
||
| 999 |
_c45139 _d45139 |
||